| 000 | 01158cam a22003015a 4500 | ||
|---|---|---|---|
| 001 | 14282179 | ||
| 003 | EG-ScBUE | ||
| 005 | 20220518101230.0 | ||
| 008 | 060301s2006 enka f 000 0 eng d | ||
| 020 | _a9780521677011 | ||
| 020 | _a0521677017 | ||
| 040 |
_aDLC _beng _erda _cDLC _dDLC _dEG-ScBUE |
||
| 082 | 0 | 4 |
_222 _a428.24 _bCAM |
| 110 | 2 |
_aUniversity of Cambridge. _bESOL Examinations. _eauthor. _936018 |
|
| 245 | 1 | 0 |
_aCambridge IELTS 5 : _bexamination papers from the University of Cambridge ESOL examinations : English for speakers of other languages. |
| 246 | 3 | 4 |
_aCambridge IELTS : _bwith answers edition : examination papers from the University of Cambridge ESOL examinations |
| 264 | 1 |
_aCambridge : _bCambridge University Press, _c2006. |
|
| 300 |
_a176 pages : _billustrations ; _c25 cm. |
||
| 336 |
_2rdacontent _atext _btxt |
||
| 337 |
_2rdamedia _aunmediated _bn |
||
| 338 |
_2rdacarrier _avolume _bnc |
||
| 490 | 0 | _aCambridge books for Cambridge exams | |
| 650 | 7 |
_aInternational English Language Testing System. _2BUEsh _913550 |
|
| 651 | _2BUEsh | ||
| 653 |
_bHHUUEENN _cDecember2017 |
||
| 655 |
_vReading book _934232 |
||
| 942 |
_2ddc _cBB |
||
| 999 |
_c25734 _d25706 |
||